000 00505nam a22001817a 4500
999 _c3113
_d3070
008 190314b ||||| |||| 00| | eng d
020 _a9789750708428
041 _atur
050 _aPL248.E3
100 _938
_aEdgü, Ferit
245 _a Do Sesi : Öyküler, 1999-2000
250 _a1.Basım
260 _aİstanbul:
_bCan Yayınları
_cEylül 2007
300 _a94 Sayfa
500 _aCan Yayınları : 1662 Türk Edebiyatı : 479
650 0 _9145
_aTürk Edebiyatı
942 _2lcc
_cBK